| 000 | 00445 a2200157 4500 | ||
|---|---|---|---|
| 005 | 20250404133206.0 | ||
| 020 | _a0-87150-410-3 | ||
| 082 | _a519.5 MEN | ||
| 100 | _aMENDENHALL, W. | ||
| 245 | _aMathematical Statistics With Applications | ||
| 250 | _a2nd Ed. | ||
| 260 |
_aBoston, _bDuxbury Press, _c1981. |
||
| 300 |
_axiii, 686p.: ill.; figure, graph, table. _bIndex. _c25cm. |
||
| 700 | _aSCHEAFFER, R. L. & WACKERLY, D. D | ||
| 942 |
_2ddc _cBKS |
||
| 999 |
_c1157 _d1157 |
||